El folk-lore Filipino/ (Record no. 5022)

MARC details
000 -LEADER
fixed length control field 00644nam a22001937a 4500
003 - CONTROL NUMBER IDENTIFIER
control field OSt
005 - DATE AND TIME OF LATEST TRANSACTION
control field 20251022091850.0
008 - FIXED-LENGTH DATA ELEMENTS--GENERAL INFORMATION
fixed length control field 251022b |||||||| |||| 00| 0 eng d
020 ## - INTERNATIONAL STANDARD BOOK NUMBER
International Standard Book Number 978-971-542-650-3
040 ## - CATALOGING SOURCE
Original cataloging agency DWC-Main lib.
Transcribing agency OC
082 ## - DEWEY DECIMAL CLASSIFICATION NUMBER
Classification number Fil. 398.09599 D728e 1994
100 ## - MAIN ENTRY--PERSONAL NAME
Personal name Isabelo De Los Reyes
245 ## - TITLE STATEMENT
Title El folk-lore Filipino/
Statement of responsibility, etc. Isabelo De Los Reyes
260 ## - PUBLICATION, DISTRIBUTION, ETC.
Place of publication, distribution, etc. Quezon City, Phils.
Name of publisher, distributor, etc. : The University of the Philippines Press
Date of publication, distribution, etc. , c1994.
300 ## - PHYSICAL DESCRIPTION
Extent xviii, 654 pages ;
Dimensions 22 centimeters.
650 ## - SUBJECT ADDED ENTRY--TOPICAL TERM
Topical term or geographic name entry element 1. Folklore--Philippines.
650 ## - SUBJECT ADDED ENTRY--TOPICAL TERM
Topical term or geographic name entry element 2. Philippines--Social life and customs.
942 ## - ADDED ENTRY ELEMENTS (KOHA)
Source of classification or shelving scheme Dewey Decimal Classification
Koha item type Book-Filipiniana
Call number prefix Fil.
Suppress in OPAC No
952 ## - LOCATION AND ITEM INFORMATION (KOHA)
--
Holdings
Withdrawn status Lost status Source of classification or shelving scheme Damaged status Not for loan Home library Current library Shelving location Date acquired Source of acquisition Total Checkouts Full call number Barcode Date last seen Price effective from Koha item type Uniform Resource Identifier
    Dewey Decimal Classification     College Library College Library Filipiniana 08/11/2014 School Fund   Fil. 398.09599 D728e 1994 50920 10/22/2025 10/22/2025 BK - FIL